| 000 | 00910nam a22002417a 4500 | ||
|---|---|---|---|
| 999 |
_c18431 _d18431 |
||
| 003 | AR-CdUCM | ||
| 008 | 190514b ||||| |||| 00| 0 spa d | ||
| 040 |
_aMUNICIPALIDAD PROVINCIAL DEL CUSCO _cBIBLIOTECA MUNICIPAL DEL CUSCO |
||
| 082 |
_a364 / _bOL44 |
||
| 100 |
_aOlivera Diaz, Guillermo _939018 |
||
| 245 | _aProceso político peruano y criminologia / | ||
| 260 |
_aLima :: _bTipografia offset, _c1975. |
||
| 300 |
_a98 paginas ; _c22 cm. |
||
| 505 | _aContenido : Ciencias penales y proceso peruano -- De la visión criminologico - comparativa del proceso peruano -- Proceso peruano criminogeno... | ||
| 650 |
_aProceso peruano _939019 |
||
| 650 |
_aProceso criminogeno _939020 |
||
| 650 |
_aCiencias penales _939021 |
||
| 650 |
_aCriminologia _97441 |
||
| 700 |
_aLopez Jara, Victor Raul _939022 |
||
| 700 |
_aHonores Huarcaya, Jorge _939023 |
||
| 942 |
_2ddc _cLIBROS |
||
| 945 |
_awnts _d2019-05-14 |
||